000 00855nam a2200265Ia 4500
003 OSt
005 20221005105634.0
006 a|||||r|||| 00| 0
007 ta
008 221004b |||||||| |||| 00| 0 urd d
020 _c150
024 _a104569
037 _b371, 17/02/2011, Vani Prakashan
_cTextual
040 _aCRL
_cCRL
_burd
041 _2urd
_aurd
082 _aO168,1N36x, 152P6
100 _aशहरयार
245 0 _aकहीं कुछ कम है
246 _aKahīan kuchh kam hai
260 _aनई दिल्ली
_bवाणी प्रकाशन भारत
_c2006
300 _a130पृ0
_ccm.
650 _aउर्दू साहित्य
942 _hO168,1N36x, 152P6
_cTEXL
_2cc
999 _c1016433
_d1016433